Deutsche Ergebnisse International 2023/24 - Statistiken

Allgemein
  • Dieses Quiz wurde 123 mal gespielt
    17 seit der letzten Aktualisierung
  • Das Durchschnittsergebnis liegt bei 57 aus 68
Antwortstatistiken
Heim Gast % Korrekt
Borussia Dortmund 0 : 0 AC Mailand
100%
Newcastle United 0 : 1 Borussia Dortmund
100%
Union Berlin 0 : 1 SSC Neapel
100%
Young Boys Bern 1 : 3 RB Leipzig
100%
Real Madrid 1 : 0 Union Berlin
100%
FC Kopenhagen 1 : 2 Bayern München
100%
RB Leipzig 1 : 3 Manchester City
100%
Molde 1 : 2 Bayer Leverkusen
100%
SC Freiburg 1 : 2 West Ham United
100%
Galatasaray 1 : 3 Bayern München
100%
Backa Topola 1 : 3 SC Freiburg
100%
Paris SG 2 : 0 Borussia Dortmund
100%
Olympiacos Piräus 2 : 3 SC Freiburg
100%
Eintracht Frankfurt 2 : 1 FC Aberdeen
100%
Union Berlin 2 : 3 Sporting Braga
100%
PAOK Saloniki 2 : 1 Eintracht Frankfurt
100%
Bayern München 2 : 1 Galatasaray
100%
Borussia Dortmund 2 : 0 Newcastle United
100%
RB Leipzig 3 : 1 Roter Stern Belgrad
100%
Bayern München 4 : 3 Manchester United
100%
Bayer Leverkusen 4 : 0 Häcken
100%
Bayer Leverkusen 5 : 1 Qarabag
100%
Eintracht Frankfurt 6 : 0 HJK Helsinki
100%
Qarabag 0 : 1 Bayer Leverkusen
92%
HJK Helsinki 0 : 1 Eintracht Frankfurt
92%
Bayern München 0 : 0 FC Kopenhagen
92%
Häcken 0 : 2 Bayer Leverkusen
92%
Manchester United 0 : 1 Bayern München
92%
Roter Stern Belgrad 1 : 2 RB Leipzig
92%
SSC Neapel 1 : 1 Union Berlin
92%
AC Mailand 1 : 3 Borussia Dortmund
92%
Sporting Braga 1 : 1 Union Berlin
92%
Eintracht Frankfurt 1 : 2 PAOK Saloniki
92%
Borussia Dortmund 1 : 1 Paris SG
92%
Manchester City 3 : 2 RB Leipzig
92%
SC Freiburg 5 : 0 Backa Topola
92%
SC Freiburg 5 : 0 Olympiacos Piräus
92%
RB Leipzig 2 : 1 Young Boys Bern
83%
Union Berlin 2 : 3 Real Madrid
83%
RB Leipzig 0 : 1 Real Madrid
75%
Lazio Rom 1 : 0 Bayern München
75%
PSV Eindhoven 1 : 1 Borussia Dortmund
75%
Real Madrid 1 : 1 RB Leipzig
75%
SC Freiburg 1 : 0 West Ham United
75%
West Ham United 2 : 0 SC Freiburg
75%
FC Aberdeen 2 : 0 Eintracht Frankfurt
75%
Borussia Dortmund 2 : 0 PSV Eindhoven
75%
Qarabag 2 : 2 Bayer Leverkusen
75%
Bayern München 3 : 0 Lazio Rom
75%
Bayer Leverkusen 3 : 2 Qarabag
75%
Borussia Dortmund 4 : 2 Atletico Madrid
75%
Bayer Leverkusen 5 : 1 Molde
75%
RC Lens 0 : 0 SC Freiburg
67%
Eintracht Frankfurt 1 : 2 Union St. Gilloise
67%
Bayern München 1 : 0 FC Arsenal
67%
Borussia Dortmund 1 : 0 Paris SG
67%
Union St. Gilloise 2 : 2 Eintracht Frankfurt
67%
FC Arsenal 2 : 2 Bayern München
67%
Atletico Madrid 2 : 1 Borussia Dortmund
67%
SC Freiburg 3 : 2 RC Lens
67%
West Ham United 5 : 0 SC Freiburg
67%
Paris SG 0 : 1 Borussia Dortmund
58%
West Ham United 1 : 1 Bayer Leverkusen
58%
Bayer Leverkusen 2 : 0 West Ham United
58%
Bayern München 2 : 2 Real Madrid
58%
Real Madrid 2 : 1 Bayern München
58%
AS Rom 0 : 2 Bayer Leverkusen
42%
Bayer Leverkusen 2 : 2 AS Rom
42%
Keine übereinstimmenden Quizze gefunden
Verteilung der Resultate
Anzahl Personen mit jedem Resultat
Perzentil nach korrekt beantworteten Fragen
Ihre Resultats-Entwicklung
Sie haben dieses Quiz seit der letzten Aktualisierung nicht gespielt